000 00691cas a2200217 a 4500
022 _a0746-9179
040 _cCOP
082 0 _a607 RBD 2002 C151 Or.
245 1 0 _aR & D
_breading for the R & D community.
246 3 _aR and D
246 3 _aResearch and development
246 1 7 _aR & D magazine
260 _aHighlands Ranch, CO :
_bReed Business Information,
_c©2002-
260 3 _aRockaway, NJ :
_bAdvantage Business Media
500 _aTitle from cover.
500 _aSubtitle varies.
650 0 _aResearch, Industrial
710 2 _aThomson Gale (Firm)
856 4 0 _uhttp://MY2VS8LV9P.search.serialssolutions.com/?V=1.0&L=MY2VS8LV9P&S=JCs&C=RDHIGRAC&T=marc
942 _cAEDBB
999 _c18709
_d18709